000 00703nam a22002057a 4500
005 20260105114220.0
010 _aENG-147382
020 _a9789364688635
_c700.00
035 _aEN-130914
037 _bDBAD
082 _a000
_21
100 _aVikramjit
_986207
245 _aReasoning Guru 2.0/
_cVikramjit
250 _a1
260 _aNew Delhi
_bS Chand and Company Limited
_c2026
270 _a A-27, 2nd Floor, Mohan Co-operative Industrial Estate
_bNew Delhi
_e110044
_minfo@schandpublishing.com
_k011-49731800
300 _a736p.
_c26cm(pb)
500 _aVerbal & Non-Verbal Reasoning With Latest TCS MCQs | 6500+ PYQs | Bilingual Edition 2025
942 _2ddc
_cEN
_h000
_mVIK
999 _c214009
_d214009